| 000 | 01215nab a2200241 4500 | ||
|---|---|---|---|
| 003 | AR-RoBPED | ||
| 005 | 20260430100731.0 | ||
| 008 | 260430b |||||||| |||| 00| 0 spa d | ||
| 040 | _aAR-RoBPED | ||
| 041 | _aspa | ||
| 100 | 1 |
_aCrudo, Ivana _930784 _eProfesora de Educación Inicial |
|
| 245 | 1 | _aEncuentro de sentidos en la formación docente / | |
| 260 |
_aBuenos Aires : _bNoveduc, _c2023 |
||
| 300 | _a46-50 p. | ||
| 500 | _aLuego de referirse a la docencia como una profesión que tiene características muy particulares, la autora se detiene en una de ellas: la del educador como transmisor de cultura. Desde allí, presenta algunas experiencias que invitan a experiementar, reflexionar y seguir aprendiendo para dar respuesta a los múltiples desafíos que los y las docentes enfrentan en la práctica cotidiana. | ||
| 650 | 7 |
_aFORMACION DE DOCENTES _91259 |
|
| 650 | 7 |
_aDOCENCIA _914558 |
|
| 650 | 0 |
_aPRACTICAS COLABORATIVAS-DIALOGICAS _928321 |
|
| 650 | 7 |
_aEXPERIENCIA DEL DOCENTE _914611 |
|
| 773 | 0 |
_020414 _940098 _dBuenos Aires : Noveduc, 1993- _tNovedades Educativas _w(AR-RoBPED)20414 _x03283534 |
|
| 942 |
_2udc _cREV _h37(05) _mNov 86 N° 393 (Dic.2023) _ak.32674 |
||
| 945 | _amar 04/2026 | ||
| 999 |
_c32674 _d32674 |
||